Cultura Geral - Statistics

Estatísticas Gerais
  • Esse quiz foi jogado 109 vezes
    96 desde o último reset
  • A pontuação média é 11 de 15
Estatísticas das Respostas
Questão Resposta % Correto
Qual é o maior osso do corpo humano? Férmur
94%
Qual é o famoso personagem conhecido por a sua cor verde e os seus grandes músculos? Hulk
94%
Qual é o resultado de 17*18? 306
88%
Que navegador português descubriu o Brasil? Pedro Álvares Cabral
88%
Qual é o símbolo químico do cloro? Cl
81%
Qual destas opções não é uma ilha? Líbia
81%
Com quantos jogadores entra em campo uma equipa de futebol? 11
75%
Quem é o autor da frase"Na natureza nada se perde,tudo se transforma"? Lavoisier
75%
De quantas duras é composto o alcorão? 114
69%
Que famoso farol da antiguidade faz parte das sete maravilhas antigas? Alexandria
69%
Em que continente fica o lago Vitória? África
56%
Qual dos seguintes objetos é um intruso? Raqueta
56%
Qual é o máximo de jogadores que uma equipa precisa para jogar basquetebol? 5
50%
Que ator interpretou de protagonista no filme Troy Brad Pitt
50%
Qual das seguintes marcas de carros deixou de produzir por ter falido? Daewoo
25%
Nenhum quiz correspondente encontrado
Distribuição das Pontuações
Porcentagem de Pessoas com Cada Pontuação
Percentil de Números Respondidos
Sua Pontuação Histórica
Você não jogou esse quiz desde o último reset